Отчет Киевского Св.-Владимирского при Софийском соборе, братства... ... [за 8-й г. его существования]. С 15-го июля 1871 по 15 июля 1872 г.$90: ... [за 8-й г. его существования]. С 15-го июля 1871 по 15 июля 1872 г. (Запись № 3434626)

Подробности
000 -МАРКЕР
контрольное поле 01185nam2a22002051 4500
001 - ИДЕНТИФИКАТОР ЗАПИСИ
контрольное поле v19\rc\1200118
005 - ИДЕНТИФИКАТОР ВЕРСИИ
контрольное поле 20250617213624.0
035 ## - ДРУГИЕ СИСТЕМНЫЕ НОМЕРА
Идентификатор записи (NLR Aleph) 004365891
100 ## - ДАННЫЕ ОБЩЕЙ ОБРАБОТКИ
Данные общей обработки 20060306f18651917|||y0rusy50 ca
101 0# - ЯЗЫК РЕСУРСА
Язык текста, звукозаписи и т.д. русский
102 ## - СТРАНА ПУБЛИКАЦИИ ИЛИ ПРОИЗВОДСТВА
Страна публикации Российская Федерация
105 ## - ПОЛЕ КОДИРОВАННЫХ ДАННЫХ: ТЕКСТОВЫЕ МАТЕРИАЛЫ, МОНОГРАФИЧЕСКИЕ
Кодированные данные о монографическом текстовом документе y z |||||
200 0# - ЗАГЛАВИЕ И СВЕДЕНИЯ ОБ ОТВЕТСТВЕННОСТИ
Основное заглавие ... [за 8-й г. его существования]. С 15-го июля 1871 по 15 июля 1872 г.
461 #0 - УРОВЕНЬ НАБОРА
Встроенное поле 001v19\rc\1200110
-- 2001#$aОтчет Киевского Св.-Владимирского при Софийском соборе, братства...$v... [за 8-й г. его существования]. С 15-го июля 1871 по 15 июля 1872 г.$90
Системный номер (АБИС) связанной записи 3434526
Автор Киевское Свято-Владимирское епархиальное братство
Место публикации Киев
Дата публикации 1865-1917
Физическая характеристика 39 т.
Заглавие Отчет Киевского Св.-Владимирского при Софийском соборе, братства...
Номер тома ... [за 8-й г. его существования]. С 15-го июля 1871 по 15 июля 1872 г.$90
801 #0 - ИСТОЧНИК ЗАПИСИ
Страна Российская Федерация
Организация NLR
Правила каталогизации psbo
801 #1 - ИСТОЧНИК ЗАПИСИ
Страна Российская Федерация
Организация ProSoft-M
Источник данных rusmarc
852 ## - МЕСТОНАХОЖДЕНИЕ И ШИФР ХРАНЕНИЯ
Идентификатор организации NLR
Шифр хранения (Call Number) 18.107.7.74
942 ## - ДОПОЛНИТЕЛЬНЫЕ ЭЛЕМЕНТЫ ЗАПИСИ (АБИС)
Тип экземпляра АБИС Книга
980 ## - КОЛЛЕКЦИЯ
Название коллекции Национальная библиография
Экземпляры
Тип экземпляра Дата поступления Библиотека постоянного хранения Библиотека текущего хранения Место хранения Шифр хранения Штрих-код Статус экземпляра
Книга 26.10.2013 РНБ (Садовая) РНБ (Садовая) Русский книжный фонд -Главное здание, Ленинский читальный зал 18.107.7.74 4365891-10